000 00506nam a22001817a 4500
005 20260204154539.0
008 260204b |||||||| |||| 00| 0 eng d
020 _a978-1-2923-7406-2
100 _aTANENBAUM, ANDREW S.
245 _aCOMPUTER NETWORKS
250 _a6TH ED
260 _aHARLOW
_bPEARSON EDUCATION
_c2021
300 _aXXII, 922P.
500 _aINCLUDES INDEX
650 _a1. COMPUTER NETWORKS 2. DATA TRANSMISSION SYSTEM 3. INTERNET
700 _aFEAMSTER, NICK
942 _2lcc
_cBK
999 _c216542
_d216542